01252nam a2200241Ia 4500003000400000005001700004008004100021020001800062040000700080041000800087082001800095100002900113245003600142260002800178300001600206365001300222520056500235650001400800906003200814942001200846999001900858952013300877OSt20220820112331.0210423s2010 xx 000 0 und d a9780415487351 cAL aeng a370223bRUSB aRUSSELL Bertrand.955070 aEducation and the social order. aLondonbRoutledgec2010 aii,186pbPB b225cINR aBertrand Russell was renowned for his provocative views on education. Considered an educational innovator, Russell attempted to create the perfect learning institution. Despite the failure of this practical vision, it did not stop him from continuing to strive towards inventing and arguing for a system of education free from repression. In Education and the Social Order, Russell dissects the motives behind educational theory and practice, and in doing so lays out original and controversial arguments for the reformation of the education of the individual. 2Education aEducation ; order. ; social 2ddccBK c158001d158001 00102ddc40708MAENGaSACPGbSACPGd2010-06-26eViva Booksg225.00l0o370 RUSBpPG004478r2021-04-26 00:00:00w2021-04-26yBK